[Event "Olginka Orbit op"]
[Site "Olginka"]
[Date "2022.08.17"]
[Round "2"]
[White "Gochelashvili, David"]
[Black "Chudinovskih, Alexander N"]
[Result "0-1"]
[WhiteElo "2346"]
[BlackElo "2065"]
[PlyCount "80"]
[EventDate "2022.08.16"]
[EventType "swiss"]
[EventRounds "9"]
[EventCountry "RUS"]
[SourceTitle "CBM 209 Extra"]
[Source "ChessBase"]
[SourceDate "2022.09.30"]
[SourceVersion "1"]
[SourceVersionDate "2022.09.30"]
[SourceQuality "1"]

1. e4 e5 2. Nf3 d6 3. Bc4 Nf6 4. Nc3 Be7 5. d4 exd4 6. Nxd4 0-0 7. f3 c6 8. Be3 b5 9. Be2 b4 10. Nb1 d5 11. e5 Ne8 12. a3 f6 13. exf6 Nxf6 14. axb4 Bxb4+ 15. c3 Bd6 16. Qa4 Qe7 17. Bf2 Bd7 18. Qc2 Nh5 19. 0-0 Nf4 20. Re1 Qg5 21. Bg3 c5 22. Nb5 Nxe2+ 23. Qxe2 Bxg3 24. hxg3 Qxg3 25. Nd2 Re8 26. Qxe8+ Bxe8 27. Rxe8+ Kf7 28. Rc8 a6 29. Rc7+ Kf6 30. Rxc5 Qe5 31. Ne4+ dxe4 32. Rxe5 Kxe5 33. Nc7 Ra7 34. Ra5+ Kf4 35. Nd5+ Kg3 36. fxe4 Nc6 37. Ra3 Ne5 38. c4+ Kg4 39. c5 Nc6 40. b4 h5 0-1

[Event "Tuapse Blitz op"]
[Site "Tuapse"]
[Date "2022.06.29"]
[Round "5"]
[White "Chudinovskih, Alexander N"]
[Black "Hasangatin, Ramil"]
[Result "1-0"]
[WhiteElo "2057"]
[BlackElo "2465"]
[PlyCount "93"]
[EventDate "2022.06.29"]
[EventType "swiss (blitz)"]
[EventRounds "13"]
[EventCountry "RUS"]
[SourceTitle "CBM 209 Extra"]
[Source "ChessBase"]
[SourceDate "2022.09.30"]
[SourceVersion "1"]
[SourceVersionDate "2022.09.30"]
[SourceQuality "1"]

1. e4 d5 2. exd5 Qxd5 3. Nc3 Qd6 4. d4 Nf6 5. Nge2 c6 6. Bf4 Qd8 7. Qd2 Bf5 8. Ng3 Bg6 9. h4 h6 10. h5 Bh7 11. Bd3 Qxd4 12. Nb5 cxb5 13. Bxb5+ Qd7 14. Bxd7+ Nbxd7 15. 0-0 Rc8 16. c3 e6 17. Bd6 Bxd6 18. Qxd6 Rc6 19. Qb4 Rb6 20. Qa3 Ra6 21. Qb4 Rb6 22. Qd4 Rxb2 23. Qxa7 0-0 24. Rfe1 Rc8 25. Re2 Rb6 26. Rd1 Nd5 27. c4 Nc3 28. Rxd7 Nxe2+ 29. Nxe2 Rb1+ 30. Kh2 Rf8 31. Rxb7 Re1 32. Ng3 Rc1 33. c5 Rc4 34. Qb6 Rc8 35. Rb8 R4xc5 36. Qxc5 Rxb8 37. a4 f5 38. Qd6 Re8 39. Qd7 Rf8 40. Qxe6+ Kh8 41. f4 Ra8 42. a5 Rxa5 43. Qe8+ Bg8 44. Ne2 Ra1 45. Nd4 Rf1 46. Nxf5 Rxf4 47. Ne7 1-0

[Event "Tuapse op"]
[Site "Tuapse"]
[Date "2022.06.24"]
[Round "8"]
[White "Chudinovskih, Alexander N"]
[Black "Khruschiov, Alexey"]
[Result "0-1"]
[WhiteElo "2096"]
[BlackElo "2343"]
[PlyCount "83"]
[EventDate "2022.06.17"]
[EventType "swiss"]
[EventRounds "9"]
[EventCountry "RUS"]
[SourceTitle "CBM 209 Extra"]
[Source "ChessBase"]
[SourceDate "2022.09.30"]
[SourceVersion "1"]
[SourceVersionDate "2022.09.30"]
[SourceQuality "1"]

1. e4 d6 2. d4 Nf6 3. Nc3 e5 4. Nf3 Nbd7 5. Bc4 Be7 6. 0-0 0-0 7. a4 c6 8. a5 Rb8 9. Re1 b5 10. axb6 axb6 11. Ba2 b5 12. h3 h6 13. Nb1 Re8 14. Nbd2 Bf8 15. c3 c5 16. dxe5 dxe5 17. Nh4 c4 18. b3 Nc5 19. bxc4 Nd3 20. Rf1 Nxc1 21. Rxc1 Nxe4 22. Nxe4 Qxh4 23. Qe2 Ra8 24. Rfe1 Be6 25. Ra1 f5 26. Nd2 e4 27. Nf1 Rxa2 28. Qxa2 Bxc4 29. Qc2 Kh7 30. Rad1 Bc5 31. Ne3 Be6 32. Nd5 Ra8 33. Qe2 Bf7 34. Rd2 Rd8 35. Ne3 Rxd2 36. Qxd2 f4 37. Nf1 Bg6 38. Qe2 f3 39. gxf3 Qxh3 40. Nd2 Qg3+ 41. Kh1 Bxf2 42. Nb1 0-1

[Event "Prague Golden rap op 13th"]
[Site "Prague"]
[Date "2017.07.01"]
[Round "4"]
[White "Chudinovskih, Alexander N"]
[Black "Pribyl, Josef"]
[Result "0-1"]
[WhiteElo "2250"]
[BlackElo "2240"]
[PlyCount "72"]
[EventDate "2017.07.01"]
[EventType "swiss (rapid)"]
[EventRounds "7"]
[EventCountry "CZE"]
[SourceTitle "EXT 2018"]
[Source "ChessBase"]
[SourceDate "2017.10.13"]
[SourceVersion "1"]
[SourceVersionDate "2017.10.13"]
[SourceQuality "1"]

1. d4 Nf6 2. Nf3 g6 3. g3 Bg7 4. Bg2 d5 5. 0-0 0-0 6. c4 dxc4 7. Na3 Nc6 8. Nxc4 Be6 9. Nfe5 Nxd4 10. Bxb7 Rb8 11. Bg2 Ng4 12. f4 f6 13. Nxg4 Bxc4 14. Be3 Nxe2+ 15. Kh1 Rxb2 16. Bxa7 Nc3 17. Qxd8 Rxd8 18. Rfc1 f5 19. Ne5 Bd5 20. Bxd5+ Nxd5 21. Bd4 Rd2 22. Nc6 Bxd4 23. Nxd8 Bxa1 24. Rxa1 Nc3 25. Nc6 Rxa2 26. Rc1 Nd5 27. Rd1 e6 28. Re1 Ra6 29. Nd8 c5 30. Nxe6 c4 31. Ng5 c3 32. Re8+ Kg7 33. Rc8 Ra2 34. Ne6+ Kf6 35. Nd4 Rd2 36. Rc4 Rd1+ 0-1

[Event "Hradec Kralove op 7th"]
[Site "Hradec Kralove"]
[Date "2016.10.03"]
[Round "3"]
[White "Riha, Vojtech"]
[Black "Chudinovskih, Alexander N"]
[Result "1/2-1/2"]
[WhiteElo "1954"]
[BlackElo "2229"]
[PlyCount "103"]
[EventDate "2016.10.01"]
[EventType "swiss"]
[EventRounds "9"]
[EventCountry "CZE"]
[SourceTitle "EXT 2017"]
[Source "ChessBase"]
[SourceDate "2016.10.25"]
[SourceVersion "1"]
[SourceVersionDate "2016.10.25"]
[SourceQuality "1"]

1. e4 d5 2. exd5 Nf6 3. d4 Nxd5 4. Nf3 g6 5. c4 Nb6 6. Be2 Bg7 7. 0-0 0-0 8. Nc3 c6 9. Bf4 Bg4 10. c5 Nd5 11. Bg3 b6 12. cxb6 axb6 13. Ne5 Bxe2 14. Qxe2 Bxe5 15. Bxe5 Nd7 16. Nxd5 cxd5 17. Rfe1 Nxe5 18. Qxe5 Ra7 19. a3 Qd7 20. Rac1 Re8 21. h4 Qf5 22. Rc6 Qxe5 23. Rxe5 e6 24. Re3 Ra4 25. Rd3 Rb8 26. f4 Rc4 27. Rxc4 dxc4 28. Rc3 b5 29. b3 Ra8 30. bxc4 bxc4 31. Rxc4 Rxa3 32. h5 gxh5 33. Rc5 Rd3 34. Rg5+ Kh8 35. f5 Rxd4 36. fxe6 fxe6 37. Rxh5 Kg7 38. Kf2 Rd5 39. Rh4 h5 40. Re4 Kf6 41. Kf3 Rf5+ 42. Kg3 Rd5 43. Kf3 Rd3+ 44. Kf2 Rd5 45. Kf3 Rg5 46. g3 Ra5 47. Rh4 Rf5+ 48. Ke3 Rg5 49. Kf3 Ke5 50. Ra4 Rf5+ 51. Ke3 Kf6 52. Rh4 1/2-1/2

[Event "Prague Summer op-A 3rd"]
[Site "Prague"]
[Date "2016.08.10"]
[Round "7"]
[White "Roy, Prantik"]
[Black "Chudinovskih, Alexander N"]
[Result "1-0"]
[WhiteElo "2403"]
[BlackElo "2258"]
[PlyCount "113"]
[EventDate "2016.08.05"]
[EventType "swiss"]
[EventRounds "9"]
[EventCountry "CZE"]
[SourceTitle "CBM 173 Extra"]
[Source "ChessBase"]
[SourceDate "2016.08.29"]
[SourceVersion "1"]
[SourceVersionDate "2016.08.29"]
[SourceQuality "1"]

1. d4 Nf6 2. Nf3 d5 3. c4 e6 4. g3 Bb4+ 5. Bd2 Be7 6. Bg2 0-0 7. 0-0 Nbd7 8. Qc2 c6 9. Bf4 b6 10. Nbd2 Nh5 11. Rac1 Nxf4 12. gxf4 Bb7 13. cxd5 cxd5 14. Qa4 a5 15. Ne5 Nxe5 16. fxe5 Ba6 17. Rfe1 Bb4 18. Qd1 Rc8 19. a3 Rxc1 20. Qxc1 Bxd2 21. Qxd2 Qd7 22. Rc1 Rc8 23. Bf3 h6 24. Rc3 Rxc3 25. Qxc3 Qa4 26. Qd2 Qc4 27. Kg2 Bb5 28. Qc3 Qxc3 29. bxc3 f5 30. exf6 gxf6 31. Kg3 Kf7 32. e3 Bd3 33. Kh4 Kg7 34. Bg4 f5 35. Bd1 Kg6 36. Kg3 Kg5 37. h4+ Kf6 38. Kf4 Bb5 39. Bc2 Bc4 40. Ba4 b5 41. Bd1 Bd3 42. Bh5 Bc4 43. Bd1 Bd3 44. Bb3 Be2 45. Bc2 Bc4 46. f3 Bf1 47. e4 fxe4 48. fxe4 dxe4 49. Bxe4 Bc4 50. Bc6 Kg6 51. Ke5 Kf7 52. Kd6 Kf6 53. Kc5 e5 54. dxe5+ Kxe5 55. a4 Bb3 56. axb5 a4 57. b6 1-0

[Event "Prague Opocensky Memorial"]
[Site "Prague"]
[Date "2016.06.20"]
[Round "2"]
[White "Frolov, Artur"]
[Black "Chudinovskih, Alexander N"]
[Result "1-0"]
[WhiteElo "2459"]
[BlackElo "2263"]
[PlyCount "57"]
[EventDate "2016.06.19"]
[EventType "tourn"]
[EventRounds "9"]
[EventCountry "CZE"]
[EventCategory "3"]
[SourceTitle "CBM 173 Extra"]
[Source "ChessBase"]
[SourceDate "2016.08.29"]
[SourceVersion "1"]
[SourceVersionDate "2016.08.29"]
[SourceQuality "1"]

1. e4 e5 2. Nf3 Nc6 3. Bb5 a6 4. Ba4 Nf6 5. 0-0 Be7 6. Re1 b5 7. Bb3 0-0 8. a4 b4 9. d3 d6 10. a5 Be6 11. Nbd2 Rb8 12. Bc4 Qc8 13. c3 h6 14. Qa4 Qb7 15. Bxe6 fxe6 16. d4 Nd7 17. d5 exd5 18. exd5 Nc5 19. Qxc6 Qc8 20. Ne4 Rxf3 21. Nxc5 dxc5 22. gxf3 Bd6 23. Re4 Qh3 24. Qxa6 bxc3 25. bxc3 Qxf3 26. Qc4 Rf8 27. Qe2 Qh3 28. c4 Rf6 29. Ra3 1-0

[Event "Prague Opocensky Memorial"]
[Site "Prague"]
[Date "2016.06.19"]
[Round "1"]
[White "Chudinovskih, Alexander N"]
[Black "Vokoun, Jan"]
[Result "1/2-1/2"]
[WhiteElo "2263"]
[BlackElo "2096"]
[PlyCount "70"]
[EventDate "2016.06.19"]
[EventType "tourn"]
[EventRounds "9"]
[EventCountry "CZE"]
[EventCategory "3"]
[SourceTitle "CBM 173 Extra"]
[Source "ChessBase"]
[SourceDate "2016.08.29"]
[SourceVersion "1"]
[SourceVersionDate "2016.08.29"]
[SourceQuality "1"]

1. d4 b6 2. e4 Bb7 3. Bd3 e6 4. Nf3 Nf6 5. e5 Nd5 6. 0-0 c5 7. c3 cxd4 8. cxd4 Ba6 9. Re1 Bxd3 10. Qxd3 Be7 11. Nc3 Nxc3 12. bxc3 d5 13. exd6 Qxd6 14. Ne5 0-0 15. Bf4 Qd5 16. c4 Qb7 17. d5 exd5 18. cxd5 Bf6 19. Rad1 Bxe5 20. Rxe5 Nd7 21. Re7 Qc8 22. d6 Qc6 23. h4 Qa4 24. Bg5 Nc5 25. Qd5 h6 26. Rd4 Qc2 27. Rxf7 Rxf7 28. Qxa8+ Kh7 29. Be3 Qxa2 30. d7 Qb1+ 31. Kh2 Nxd7 32. Qd5 Re7 33. Qd6 Rf7 34. Qd5 Re7 35. Qd6 Rf7 1/2-1/2

[Event "Pobeskydy op"]
[Site "Frydek Mistek"]
[Date "2016.03.27"]
[Round "8"]
[White "Federic, Jozef"]
[Black "Chudinovskih, Alexander N"]
[Result "1-0"]
[WhiteElo "2306"]
[BlackElo "2255"]
[PlyCount "87"]
[EventDate "2016.03.24"]
[EventType "swiss"]
[EventRounds "9"]
[EventCountry "CZE"]
[SourceTitle "CBM 171 Extra"]
[Source "ChessBase"]
[SourceDate "2016.04.26"]
[SourceVersion "1"]
[SourceVersionDate "2016.04.26"]
[SourceQuality "1"]

1. d4 Nf6 2. Bf4 c5 3. e3 cxd4 4. exd4 d5 5. c3 Nc6 6. Bd3 g6 7. h3 Bg7 8. Nf3 0-0 9. Nbd2 Nd7 10. 0-0 e5 11. dxe5 Ndxe5 12. Nxe5 Nxe5 13. Be2 Nc6 14. Nb3 d4 15. cxd4 Nxd4 16. Nxd4 Qxd4 17. Qxd4 Bxd4 18. Bf3 Bxb2 19. Rab1 Bd4 20. Bxb7 Bxb7 21. Rxb7 Bb6 22. Rd1 Rad8 23. Rxd8 Rxd8 24. Kf1 Re8 25. f3 h5 26. Bb8 Rc8 27. Bxa7 Bxa7 28. Rxa7 Rc2 29. a4 Ra2 30. h4 Kg7 31. Kg1 Kf6 32. Kh2 Ke6 33. a5 f6 34. a6 f5 35. Ra8 Kf6 36. Kg3 Ra4 37. Kf2 Kg7 38. Ke3 Rxh4 39. g4 Rh1 40. gxf5 Ra1 41. fxg6 h4 42. Kf2 Kxg6 43. a7 Kh7 44. Kg2 1-0